Death and justice : (Record no. 589600)

000 -LEADER
fixed length control field 01358cam a22003854a 4500
001 - CONTROL NUMBER
control field 12989165
003 - CONTROL NUMBER IDENTIFIER
control field NUST
005 - DATE AND TIME OF LATEST TRANSACTION
control field 20220510161214.0
008 - FIXED-LENGTH DATA ELEMENTS--GENERAL INFORMATION
fixed length control field 021101s2003 nyu 001 0 eng
010 ## - LIBRARY OF CONGRESS CONTROL NUMBER
LC control number 2002040992
020 ## - INTERNATIONAL STANDARD BOOK NUMBER
International Standard Book Number 0060009179 (alk. paper)
020 ## - INTERNATIONAL STANDARD BOOK NUMBER
International Standard Book Number 0060009187 (pbk. : alk. paper)
038 ## - RECORD CONTENT LICENSOR
Staff Name waseem
040 ## - CATALOGING SOURCE
Original cataloging agency DLC
Transcribing agency DLC
Modifying agency DLC
042 ## - AUTHENTICATION CODE
Authentication code pcc
043 ## - GEOGRAPHIC AREA CODE
Geographic area code n-us-ok
050 00 - LIBRARY OF CONGRESS CALL NUMBER
Classification number HV9955.O5
Item number F85 2003
082 00 - DEWEY DECIMAL CLASSIFICATION NUMBER
Classification number 364.976638
Author Mark FUH
100 1# - MAIN ENTRY--PERSONAL NAME
Personal name Fuhrman, Mark.
9 (RLIN) 91471
245 10 - TITLE STATEMENT
Title Death and justice :
Remainder of title an expose of Oklahoma's death row machine /
Statement of responsibility, etc. Mark Fuhrman.
250 ## - EDITION STATEMENT
Edition statement 1st ed.
260 ## - PUBLICATION, DISTRIBUTION, ETC.
Place of publication, distribution, etc. New York :
Name of publisher, distributor, etc. Morrow,
Date of publication, distribution, etc. c2003.
300 ## - PHYSICAL DESCRIPTION
Extent xii, 276 p. ;
Dimensions 24 cm.
500 ## - GENERAL NOTE
General note Includes index.
563 ## - BINDING INFORMATION
Binding note HBK.
650 #0 - SUBJECT ADDED ENTRY--TOPICAL TERM
Topical term or geographic name entry element Criminal justice, Administration of
Geographic subdivision Oklahoma.
9 (RLIN) 91472
650 #0 - SUBJECT ADDED ENTRY--TOPICAL TERM
Topical term or geographic name entry element Capital punishment
Geographic subdivision Oklahoma.
9 (RLIN) 91473
650 #0 - SUBJECT ADDED ENTRY--TOPICAL TERM
Topical term or geographic name entry element Prosecution
Geographic subdivision Oklahoma.
9 (RLIN) 91474
650 #0 - SUBJECT ADDED ENTRY--TOPICAL TERM
Topical term or geographic name entry element Evidence, Criminal
Geographic subdivision Oklahoma.
9 (RLIN) 91475
856 41 - ELECTRONIC LOCATION AND ACCESS
Materials specified Table of contents
Uniform Resource Identifier <a href="http://www.loc.gov/catdir/toc/fy042/2002040992.html">http://www.loc.gov/catdir/toc/fy042/2002040992.html</a>
856 42 - ELECTRONIC LOCATION AND ACCESS
Materials specified Publisher description
Uniform Resource Identifier <a href="http://www.loc.gov/catdir/description/hc042/2002040992.html">http://www.loc.gov/catdir/description/hc042/2002040992.html</a>
906 ## - LOCAL DATA ELEMENT F, LDF (RLIN)
a 7
b cbc
c orignew
d 1
e ocip
f 20
g y-gencatlg
942 ## - ADDED ENTRY ELEMENTS (KOHA)
Source of classification or shelving scheme
Koha item type Book
Holdings
Withdrawn status Lost status Source of classification or shelving scheme Damaged status Not for loan Permanent Location Current Location Shelving location Date acquired Source of acquisition Total Checkouts Full call number Barcode Date last seen Date last checked out Price effective from Koha item type
          Central Library (CL) Central Library (CL) Law 05/10/2022 Donation 4 364.976638 FUH CL-D-1747 06/13/2025 06/13/2025 05/10/2022 Book
© 2023 Central Library, National University of Sciences and Technology. All Rights Reserved.